Statistics for Spain Winning Lineup 2010 FIFA World Cup

Click here to take the quiz!

General Stats

  • This quiz has been taken 3,668 times
    (3,598 since last reset)
  • The average score is 12 of 15

Answer Stats

PositionPlayer% Correct
MFAndres Iniesta
98%
GKIker Casillas
97%
MFXavi Hernandez
97%
FWDavid Villa
94%
CBGerard Pique
93%
RBSergio Ramos
93%
CBCarles Puyol
90%
FWFernando Torres
89%
MFSergio Busquets
78%
MFXabi Alonso
76%
ManagerVincente del Bosque
71%
MFCesc Fabregas
66%
FWPedro Rodriguez
65%
LBJoan Capdevila
40%
MFJesus Navas
38%

Score Distribution

Percentile by Number Answered

Percent of People with Each Score

Your Score History

You have not taken this quiz since the last reset